01126nac a22003017a 4500001001000000003000900010005001700019008003400036040005400070072000800124090001900132110011100151245007000262260003600332300001000368490012600378500001900504650001100523650001100534650001200545650001100557650001600568650001100584909004700595942001700642999001900659952014600678BR7603706BR-BrBNA20240105113957.0230509b bl.|||m| |||| 00| 0 por d aBR-BrBNAbporcBiblioteca Nacional de Agricultura aL73 a5212 BR76037061 aSecretaria de Estado da Agricultura, Curitiba, PR (Brasil). Coordenadoria de Defesa Sanitaria Animal988131 aProjeto febre aftosa. Marco 1976 [bovino, vacina, Parana, Brasil]3 aCuritiba, PR (Brasil): c1976.  a22 p. aProjeto Febre Aftosa - Secretaria de Estado da Agricultura. Coordenadoria de Defesa Sanitaria Animal (Brazil)vv. 3(27)x aNumerical data aAFTOSA aBOVINO aREBANHO aVACINA aDIAGNOSTICO aPARANA a202312bLúcia Elandec55dLúcia Elande 2AGRISn0cMS c266681d266681 002AGRIS40708Acervo Gerala41918b41918cAGROBASEl0o5212 BR7603706p5212 BR7603706r2023-12-18yMSePortaria Interministerial nº 164/94